000
00310pam a2200145 a 4500
020
_c
041
_a
eng
082
_b
KHA
100
_a
Khan lal .
245
_a
Geography Paper II and III
_h
Textual Documents
250
_a
2011.
260
_a
[s.l]:
_b
Ramesh publishing Co
300
_a
504.
930
_a
1803
999
_c
78727
_d
78727